[Event "Wiesbaden op 28th"]
[Site "Wiesbaden"]
[Date "2016.08.28"]
[Round "6"]
[White "Rapp, Matthias"]
[Black "Werner, Tom"]
[Result "1-0"]
[WhiteElo "1728"]
[BlackElo "1242"]
[PlyCount "53"]
[EventDate "2016.08.25"]
[EventType "swiss"]
[EventRounds "7"]
[EventCountry "GER"]
[SourceTitle "CBM 174 Extra"]
[Source "ChessBase"]
[SourceDate "2016.10.10"]
[SourceVersion "1"]
[SourceVersionDate "2016.10.10"]
[SourceQuality "1"]

1. e4 e5 2. Nf3 Nc6 3. d4 exd4 4. c3 b6 5. cxd4 Bb7 6. Bc4 Nf6 7. e5 Ng8 8. 0-0 d5 9. exd6 cxd6 10. Re1+ Be7 11. Qb3 Kd7 12. Bxf7 Nf6 13. Be6+ Ke8 14. Nc3 Rf8 15. Bg5 h6 16. Bh4 g5 17. Qc2 Rg8 18. Bxg8 Nxg8 19. Qg6+ Kd7 20. Qe6+ Kc7 21. Nb5+ Kb8 22. Bg3 a6 23. Nxd6 Bxd6 24. Bxd6+ Ka7 25. d5 Nb8 26. Rac1 Nf6 27. Bc7 1-0

[Event "Wiesbaden op 28th"]
[Site "Wiesbaden"]
[Date "2016.08.27"]
[Round "4"]
[White "Rapp, Matthias"]
[Black "Metzdorf, Matteo"]
[Result "1-0"]
[WhiteElo "1728"]
[BlackElo "1211"]
[PlyCount "133"]
[EventDate "2016.08.25"]
[EventType "swiss"]
[EventRounds "7"]
[EventCountry "GER"]
[SourceTitle "CBM 174 Extra"]
[Source "ChessBase"]
[SourceDate "2016.10.10"]
[SourceVersion "1"]
[SourceVersionDate "2016.10.10"]
[SourceQuality "1"]

1. e4 e6 2. d4 d5 3. Nc3 Nf6 4. e5 Nfd7 5. Qg4 c5 6. Nf3 cxd4 7. Qxd4 Nc6 8. Qf4 Nb4 9. Bd3 Nxd3+ 10. cxd3 Nc5 11. Qd2 Nd7 12. 0-0 f6 13. d4 Bb4 14. exf6 Nxf6 15. Re1 0-0 16. Qd3 Be7 17. Ng5 Qd6 18. Bd2 h6 19. Nf3 Bd7 20. Ne5 Be8 21. Re3 Kh8 22. Rh3 Ng8 23. Nb5 Qb6 24. Rc1 Bf6 25. Nc7 Rc8 26. Nxe8 Rxc1+ 27. Bxc1 Bxe5 28. Be3 Rxe8 29. dxe5 Qxb2 30. g4 Qxe5 31. g5 Qf5 32. Qxf5 exf5 33. gxh6 gxh6 34. Rh5 Rf8 35. Bxa7 Ra8 36. Bd4+ Kh7 37. Rxf5 Rxa2 38. Rf7+ Kg6 39. Rg7+ Kf5 40. Rxg8 Ke4 41. Be3 d4 42. Rg4+ Kf3 43. Rf4+ Ke2 44. Rxd4 Ra8 45. Kg2 Rg8+ 46. Kh3 Kf3 47. Rf4+ Ke2 48. Rf7 b5 49. Rb7 Kf3 50. Rxb5 Rg2 51. Rf5+ Ke4 52. Rf4+ Ke5 53. Kxg2 Kd6 54. Kf3 Ke5 55. Rf8 Kd5 56. Re8 Kd6 57. Ke4 Kc6 58. Ke5 Kb5 59. Kd5 Kb4 60. Rc8 Kb3 61. Kd4 Kb2 62. Bc1+ Kb3 63. Rc4 Ka2 64. Rb4 Ka1 65. Kc3 Ka2 66. Kc2 Ka1 67. Ra4# 1-0

[Event "Wiesbaden op 28th"]
[Site "Wiesbaden"]
[Date "2016.08.27"]
[Round "5"]
[White "Wiewesiek, Timo"]
[Black "Rapp, Matthias"]
[Result "1-0"]
[WhiteElo "1903"]
[BlackElo "1728"]
[PlyCount "47"]
[EventDate "2016.08.25"]
[EventType "swiss"]
[EventRounds "7"]
[EventCountry "GER"]
[SourceTitle "CBM 174 Extra"]
[Source "ChessBase"]
[SourceDate "2016.10.10"]
[SourceVersion "1"]
[SourceVersionDate "2016.10.10"]
[SourceQuality "1"]

1. e4 c5 2. Nc3 Nc6 3. Bb5 g6 4. Bxc6 dxc6 5. f4 Bg7 6. Nf3 e6 7. 0-0 Ne7 8. Qe1 a6 9. d3 b5 10. Qf2 Bd4 11. Nxd4 cxd4 12. Ne2 c5 13. Qh4 Nc6 14. Qh6 Qe7 15. f5 exf5 16. exf5 Bxf5 17. Rxf5 Qxe2 18. Bg5 Nb4 19. Qg7 Rf8 20. Re5+ Qxe5 21. Qxe5+ Kd7 22. Be7 Rfe8 23. Qd6+ Kc8 24. Qxc5+ 1-0

[Event "Wiesbaden op 28th"]
[Site "Wiesbaden"]
[Date "2016.08.26"]
[Round "3"]
[White "Schultze, Joerg Martin"]
[Black "Rapp, Matthias"]
[Result "1-0"]
[WhiteElo "1973"]
[BlackElo "1728"]
[PlyCount "35"]
[EventDate "2016.08.25"]
[EventType "swiss"]
[EventRounds "7"]
[EventCountry "GER"]
[SourceTitle "CBM 174 Extra"]
[Source "ChessBase"]
[SourceDate "2016.10.10"]
[SourceVersion "1"]
[SourceVersionDate "2016.10.10"]
[SourceQuality "1"]

1. d4 d5 2. c4 c6 3. Nf3 Nf6 4. e3 Bg4 5. Nbd2 g6 6. h3 Bf5 7. Ne5 Bg7 8. cxd5 cxd5 9. Qb3 Qc8 10. Bb5+ Nbd7 11. e4 Be6 12. exd5 Nxd5 13. Bxd7+ Bxd7 14. Qxd5 Bxe5 15. Qxe5 0-0 16. 0-0 a5 17. Ne4 f6 18. Qxe7 1-0

[Event "Wiesbaden op 27th"]
[Site "Wiesbaden"]
[Date "2015.08.27"]
[Round "1"]
[White "Rapp, Matthias"]
[Black "Geske, Julian"]
[Result "0-1"]
[WhiteElo "1792"]
[BlackElo "2398"]
[PlyCount "58"]
[EventDate "2015.08.27"]
[EventType "swiss"]
[EventRounds "7"]
[EventCountry "GER"]
[SourceTitle "EXT 2016"]
[Source "ChessBase"]
[SourceDate "2015.10.08"]
[SourceVersion "1"]
[SourceVersionDate "2015.10.08"]
[SourceQuality "1"]

1. e4 e5 2. d4 exd4 3. Qxd4 Nc6 4. Qe3 Nf6 5. Nc3 Bb4 6. Bd2 0-0 7. 0-0-0 Re8 8. f3 d5 9. Qg5 dxe4 10. Bb5 Bd7 11. Nh3 Re5 12. Qf4 Nh5 13. Qe3 exf3 14. Qf2 Bxc3 15. Bxc6 Bxd2+ 16. Qxd2 bxc6 17. Qxd7 Qxd7 18. Rxd7 fxg2 19. Rhd1 Rae8 20. Rxc7 g5 21. Rxa7 Nf4 22. Ng1 Re1 23. Kd2 R8e2+ 24. Kc1 Re8 25. Kd2 Rxd1+ 26. Kxd1 Ne2 27. Ra5 h6 28. Ra3 Nxg1 29. Rg3 Nf3 0-1

[Event "Heusenstamm Schloss op 1st"]
[Site "Heusenstamm"]
[Date "2014.11.23"]
[Round "7"]
[White "Schreiner, Roland"]
[Black "Rapp, Matthias"]
[Result "1-0"]
[WhiteElo "2150"]
[BlackElo "1485"]
[PlyCount "103"]
[EventDate "2014.11.20"]
[EventType "swiss"]
[EventRounds "7"]
[EventCountry "GER"]
[SourceTitle "CBM 163 Extra"]
[Source "ChessBase"]
[SourceDate "2014.12.23"]
[SourceVersion "1"]
[SourceVersionDate "2014.12.23"]
[SourceQuality "1"]

1. d4 d5 2. c4 Nf6 3. Nc3 e6 4. Nf3 Be7 5. Bf4 a6 6. e3 0-0 7. Rc1 c6 8. c5 Nh5 9. Bd3 Nxf4 10. exf4 Nd7 11. 0-0 f5 12. Re1 Rf6 13. Qe2 Nf8 14. Ne5 Rh6 15. Na4 Rf6 16. Nb6 Rb8 17. Bxa6 bxa6 18. Nxc6 Qc7 19. Nxd5 exd5 20. Nxe7+ Kh8 21. Nxd5 Qc6 22. Nxf6 gxf6 23. Qe8 Bb7 24. Qxc6 Bxc6 25. b3 Rd8 26. Rcd1 Ng6 27. g3 Be4 28. Rd2 h5 29. Re3 Ne7 30. f3 Nd5 31. Rxe4 fxe4 32. fxe4 Nc3 33. e5 fxe5 34. fxe5 Rxd4 35. Rxd4 Ne2+ 36. Kf2 Nxd4 37. Ke3 Ne6 38. c6 Kg7 39. b4 Kf7 40. a4 Nc7 41. Kd4 Ke6 42. h3 Ke7 43. Kc5 Ke6 44. Kb6 Nd5+ 45. Kb7 Ne7 46. c7 Kxe5 47. Kxa6 Kd6 48. Kb7 Kd7 49. g4 h4 50. g5 Nc8 51. g6 Nd6+ 52. Kb8 1-0

[Event "Heusenstamm Schloss op 1st"]
[Site "Heusenstamm"]
[Date "2014.11.20"]
[Round "1"]
[White "Weiss, Matthias"]
[Black "Rapp, Matthias"]
[Result "1-0"]
[WhiteElo "2042"]
[BlackElo "1485"]
[PlyCount "51"]
[EventDate "2014.11.20"]
[EventType "swiss"]
[EventRounds "7"]
[EventCountry "GER"]
[SourceTitle "CBM 163 Extra"]
[Source "ChessBase"]
[SourceDate "2014.12.23"]
[SourceVersion "1"]
[SourceVersionDate "2014.12.23"]
[SourceQuality "1"]

1. e4 c5 2. Nf3 Nc6 3. Bb5 a6 4. Bxc6 bxc6 5. 0-0 d5 6. d3 Bg4 7. Nbd2 e6 8. Re1 Bd6 9. c4 Ne7 10. cxd5 exd5 11. Qa4 Qd7 12. b3 0-0 13. Ba3 Ng6 14. Rac1 Nf4 15. e5 Nxd3 16. exd6 Nxe1 17. Nxe1 Rfe8 18. Bxc5 Re2 19. Nef3 Rae8 20. Qxa6 Qe6 21. Rf1 Rxd2 22. Nxd2 Be2 23. Qxc6 Bxf1 24. Nxf1 h5 25. Qc7 Qf6 26. d7 1-0